Pohlednice /

Rozsáhlý román francouzské spisovatelky, v němž autorka pátrá po osudech matčiných židovských předků.

Uloženo v:
Hlavní autor: Berest, Anne, 1979- (Autor)
Další autoři: Vinšová, Kateřina, 1948- (Autor)
Médium: Kniha
Jazyk:Czech
Vydáno: Praha : Prostor, 2026
Vydání:V českém jazyce vydání první
Témata:
Celkem bylo vypůjčeno:0x
Tagy:
Žádné tagy
LEADER 03388nam a2200601 i 4500
001 106216
003 CZ PrNK
005 20260428154109.0
007 ta
008 260410s2026 xr g 000 fdcze
015 |a cnb003750725 
020 |a 9788072606658  |q (brožováno) 
040 |a ABG001  |b cze  |e rda 
041 1 |a cze  |h fre 
072 7 |a 821.133.1-3  |x Francouzská próza, francouzsky psaná  |2 Konspekt  |9 25 
080 |a 821.133.1-31  |2 MRF 
080 |a (=411.16)  |2 MRF 
080 |a 323.12"1939/1945"  |2 MRF 
080 |a 343.819.5  |2 MRF 
080 |a (438)  |2 MRF 
080 |a (0:82-311.6)  |2 MRF 
100 1 |a Berest, Anne,  |d 1979-  |7 xx0189041  |4 aut  |9 25331 
240 1 0 |a Carte postale.  |l Česky 
245 1 0 |a Pohlednice /  |c Anne Berest ; přeložila Kateřina Vinšová 
250 |a V českém jazyce vydání první 
264 1 |a Praha :  |b Prostor,  |c 2026 
300 |a 521 stran ;  |c 20 cm 
336 |a text  |b txt  |2 rdacontent 
337 |a bez média  |b n  |2 rdamedia 
338 |a svazek  |b nc  |2 rdacarrier 
500 |a Přeloženo z francouzštiny 
520 2 |a Rozsáhlý román francouzské spisovatelky, v němž autorka pátrá po osudech matčiných židovských předků.  |b Na počátku tisíciletí dostane autorčina matka Lélia pohlednici s obrázkem pařížské Opery Garnier, na níž jsou bez dalšího vysvětlení napsána rodná jména čtyř členů její rodiny, kteří zahynuli v Osvětimi. Po pár letech si Léliina dcera Anne na pohlednici vzpomene a rozhodne se vypátrat jejího pisatele. S matčinou pomocí rekonstruuje historii rodiny Rabinovitchových, pocházející z Moskvy, která se před sílícím antisemitismem a politickým pronásledováním rozprchla po první světové válce po světě. Mezi zdokumentované střípky minulosti vkládá autorka vzpomínky z vlastního dětství i zážitky ze současnosti, dotýkající se židovské identity. Román přináší napínavou četbu a českého čtenáře seznamuje s méně známou historií francouzských internačních táborů za druhé světové války, ale i s aktuálními náladami ve francouzské společnosti. Nakladatelská anotace. Kráceno. 
610 2 7 |a Osvětim (koncentrační tábor)  |7 olak2003164504  |2 czenas  |9 619 
648 7 |a 20.-21. století  |7 ch462155  |2 czenas  |9 53009 
650 0 7 |a Židé  |7 ph127782  |y 20.-21. století  |z Francie  |2 czenas 
650 0 7 |a holocaust (1939-1945)  |7 ph117203  |2 czenas  |9 1361 
650 0 7 |a koncentrační tábory  |7 ph121782  |y 1939-1945  |2 czenas 
650 9 |a Jews  |y 20th-21st centuries  |z France  |2 eczenas 
650 9 |a concentration camps  |2 eczenas 
651 7 |a Francie  |7 ge129152  |x dějiny  |y 20.-21. století  |2 czenas 
651 7 |a Osvětim (Polsko)  |7 ge307692  |2 czenas  |9 62916 
651 9 |a France  |x legal advocacy  |y 20th-21st centuries  |2 eczenas  |x history 
651 9 |a Oświęcim (Poland)  |2 eczenas 
655 7 |a francouzské romány  |7 fd132289  |2 czenas  |9 53610 
655 7 |a historické romány  |7 fd132414  |2 czenas  |9 53624 
655 9 |a French fiction  |2 eczenas 
655 9 |a historical novels  |2 eczenas 
700 1 |a Vinšová, Kateřina,  |d 1948-  |7 jn20001227295  |4 trl  |9 26877 
710 2 |a Prostor (nakladatelství)  |7 ko2003174546  |4 pbl  |9 117299 
910 |a UOG502 
942 |2 ddc  |c KN 
999 |d 106216 
993 |0 0  |1 421180106942  |2 ddc  |4 0  |7 0  |9 99559  |b 0  |c 106942  |d 2026-04-28  |e 0  |f DOSP  |h 597.00  |i Koupě  |l DOSP  |r 2026-04-28  |t 6  |w 2026-04-28  |y KN  |z BELET  |n